000 00295nam a22001337a 4500
008 170608b xxu||||| |||| 00| 0 eng d
020 _a9780534571115
041 _aeng
080 _28 RD
_a328
100 _a18
101 _aSHH
245 _aAMERICAN GOVERNMENT
_cGRUHL.W
942 _2udc
_cBK
999 _c16477
_d16477